Introductory functional analysis with applications / (Record no. 176912)

000 -LEADER
fixed length control field 01107 a2200193 4500
003 - CONTROL NUMBER IDENTIFIER
control field Nust
005 - DATE AND TIME OF LATEST TRANSACTION
control field 20221124141623.0
010 ## - LIBRARY OF CONGRESS CONTROL NUMBER
LC control number 77002560
020 ## - INTERNATIONAL STANDARD BOOK NUMBER
International Standard Book Number 8126511915
040 ## - CATALOGING SOURCE
Transcribing agency Nust
082 00 - DEWEY DECIMAL CLASSIFICATION NUMBER
Classification number 515.7, KRE
100 1# - MAIN ENTRY--PERSONAL NAME
Personal name Kreyszig, Erwin.
245 10 - TITLE STATEMENT
Title Introductory functional analysis with applications /
Statement of responsibility, etc. Erwin Kreyszig.
260 ## - PUBLICATION, DISTRIBUTION, ETC.
Place of publication, distribution, etc. New York :
Name of publisher, distributor, etc. Wiley,
Date of publication, distribution, etc. 2001.
300 ## - PHYSICAL DESCRIPTION
Extent xiv, 688 p. :
Other physical details ill. ;
Dimensions 24 cm.
505 ## - FORMATTED CONTENTS NOTE
Formatted contents note Metric Spaces (Page-1), Normed Spaces Banach Spaces (Page-49), Inner Product Spaces Hilbert Spaces (Page-127), Fundamental Theorems for Normed and Banach Spaces (Page-209), Further Applications Banach Fixed Point Theorem (Page-299), Further Applications Approximation Theory (Page-327), Spectral Theory of Linear Operators In Normed Spaces (Page-363), Compact Linear Operators on Normed Spaces and Their Spectrum (Page-405), Spectral Theory of Bounded Self-Adjoin Linear Operators (Page-459), Unbounded Linear Operators in Hilbert Space (Page-523), Unbounded Linear Operators in Quantum Mechanics (Page-571).
650 #0 - SUBJECT ADDED ENTRY--TOPICAL TERM
Topical term or geographic name entry element Functional analysis.
9 (RLIN) 39212
942 ## - ADDED ENTRY ELEMENTS (KOHA)
Source of classification or shelving scheme
Koha item type Book
Holdings
Withdrawn status Lost status Source of classification or shelving scheme Damaged status Not for loan Permanent Location Current Location Shelving location Date acquired Full call number Barcode Date last seen Price effective from Koha item type Public note Total Checkouts Checked out Date last checked out
          Military College of Signals (MCS) Military College of Signals (MCS) General Stacks 12/12/2016 515.7, KRE MCS31703 12/08/2016 12/12/2016 Book Almirah No.13, Shelf No.6      
          Military College of Signals (MCS) Military College of Signals (MCS) General Stacks 12/12/2016 515.7, KRE MCS33628 02/06/2026 12/12/2016 Book Almirah No.13, Shelf No.6 1 06/06/2026 02/06/2026
          Military College of Signals (MCS) Military College of Signals (MCS) General Stacks 12/12/2016 515.7, KRE MCS33629 12/08/2016 12/12/2016 Book Almirah No.13, Shelf No.6      
© 2023 Central Library, National University of Sciences and Technology. All Rights Reserved.